Aid activities in support of gender equality 1999-2003

Gespeichert in:
Bibliographische Detailangaben
Körperschaft: OECD. Development Assistance Committee
Format: Buch
Sprache:Englisch
Französisch
Veröffentlicht: Paris OECD 2005
Schriftenreihe:Statistics
Schlagworte:
Tags: Tag hinzufügen
Keine Tags, Fügen Sie das erste Tag hinzu!

MARC

LEADER 00000nam a2200000 4500
001 0027305
005 20240422065806.2
020 |a 92-64-00816-0 
022 |a 1023-8875 
041 0 |a eng 
041 0 |a fre 
044 |a FR 
245 1 0 |a Aid activities in support of gender equality 1999-2003 
264 1 |a Paris  |b OECD  |c 2005 
300 |a 320 s. 
490 1 |a Statistics 
830 0 |a Statistics 
610 2 0 |a rovnoprávnosť 
610 2 0 |a ženy 
610 2 0 |a muži 
610 2 0 |a diskriminácia 
610 2 0 |a diskriminácia pracovná 
710 2 |a OECD. Development Assistance Committee